000 00998cam a2200241 4500
008 030331n2003 000 0 eng u
020 _a1858113016
035 _a(Sirsi) u121815
041 _aeng.
050 _a346.41043
_c18
100 _aHanbury, William
245 _aBoundary disputes: a practitioner's handbook
260 _aWelwyn Garden City
_bEMIS
_c2003
300 _axxii, 207p.
_c22cm.
350 _a28
520 _aExamines the process of dealing with property disputes in a straightforward and accessible way. Includes consideration of: the conveyance or transfer; documentary evidence; physical evidence; boundaries and registered land; extinction of title; disputes relating to party structures; establishing the boundary in particular cases; and establishing ownership of the sub-soil.
650 _aBoundary disputes
_96221
650 _aPROPERTY LITIGATION
650 _aPARTY STRUCTURES
650 _aBoundary disputes
_96221
690 _aPROPERTY
942 _n0
999 _c102748
_d102748